MARC

LEADER 00000nam0a2200000 4500
001 125481
005 20231101215932.0
035 |a (RuTPU)RU\TPU\book\135784 
090 |a 125481 
100 |a 20071116d1972 km y0rusy50 ca 
101 0 |a rus 
102 |a RU 
105 |a a z 001zy 
200 1 |a От молекулы к кристаллу  |f Р. В. Богданов 
210 |a Ленинград  |c Химия  |d 1972 
215 |a 128 с.  |c ил. 
225 1 |a Вопросы современной химии 
320 |a Библиогр.: с. 124. 
606 1 |a Кристаллы  |2 stltpush  |3 (RuTPU)RU\TPU\subj\16350  |9 42442 
610 1 |a симметрия 
610 1 |a геометрия 
610 1 |a молекулы 
610 1 |a изучение 
675 |a 548  |v 3 
700 1 |a Богданов  |b Р. В.  |g Роман Васильевич 
801 1 |a RU  |b 63413507  |c 20071116  |g PSBO 
801 2 |a RU  |b 63413507  |c 20220610  |g PSBO 
942 |c BK